Statistics for Top 5 Football Clubs in Europes 5 Biggest Leagues Since 2012-13

Click here to take the quiz!

General Stats

  • This quiz has been taken 386 times
    (213 since last reset)
  • The average score is 37 of 47

Answer Stats

Answer% Correct
Manchester United
99%
Barcelona
99%
Real Madrid
98%
Manchester City
98%
Bayern Munich
98%
Juventus
98%
Liverpool
98%
Paris Saint-Germain
97%
Chelsea
97%
Atlético Madrid
97%
Internazionale
97%
Tottenham Hotspur
96%
Arsenal
96%
Borussia Dortmund
96%
Leicester City
93%
Lyon
91%
AS Monaco
91%
Marseille
90%
Sevilla
90%
Roma
90%
Valencia
88%
Napoli
88%
AC Milan
86%
Lazio
85%
Lille
83%
Schalke 04
80%
VfL Wolfsburg
79%
RB Leipzig
79%
Everton
79%
Bayer Leverkusen
76%
Atalanta
74%
Atalanta
71%
Villarreal
71%
Fiorentina
69%
Athletic Bilbao
68%
Borussia Mönchengladbach
67%
Bordeaux
66%
Real Sociedad
59%
Nice
59%
1899 Hoffenheim
58%
Udinese
54%
Getafe
53%
1. FC Köln
52%
Saint-Etienne
52%
Rennes
48%
FC Augsburg
34%
SC Freiburg
30%

Score Distribution

Percentile by Number Answered

Percent of People with Each Score

Your Score History

You have not taken this quiz since the last reset